| 000 | 00477nam a2200193Ia 4500 | ||
|---|---|---|---|
| 008 | 180207s9999 xx 000 0 und d | ||
| 020 | _a9780439686725 | ||
| 050 | _bW521 2006 | ||
| 100 | _aWest, Tracey | ||
| 245 | _aPokemon in disguise! / | ||
| 245 | _cadapted by Tracey West. | ||
| 260 | _aNew York : | ||
| 260 | _bScholastic, | ||
| 260 | _c2006 | ||
| 300 | _a32 pages : | ||
| 300 | _bcolor illustration ; | ||
| 300 | _c22cm. | ||
| 440 | _aPokemon advances reader. | ||
| 999 |
_c355670 _d355670 |
||